| 000 | 01355cab a2200217 4500 | ||
|---|---|---|---|
| 001 | ##L133239 | ||
| 008 | 060424n2006 000 0 eng u | ||
| 035 | _a(Sirsi) u133239 | ||
| 041 | 0 | _aeng | |
| 100 | 1 | _aFox, Alisdair | |
| 245 | 0 | 0 | _aClause for concern |
| 260 | _c2006 | ||
| 490 | 0 |
_aJournal of the Law Society of Scotland _v51(4) April 2006, 47(1) |
|
| 520 | _aConsiders the statutory landlord registration scheme under the Antisocial Behaviour Etc Scotland) Act 2004 to be inconsistent and confusing in its application to properties included in an agricultural tenancy. The farmer will be registered but it is difficult to understand why the owner requires to register. Suggests that it would be better if the tenant farmer registered any property to be subletted or provided under the terms of any employment contract with no further obligation being placed on the owner as a result of the farmer's actions. However as the regime is coming into force at the end of April 2006 it is too late for modifications and the interpretation of the Act's inconsistencies wil now be a matter for the courts. | ||
| 590 | _aIKA250406 | ||
| 650 | 2 | 4 | _aANTISOCIAL BEHAVIOUR ETC (SCOTLAND) ACT 2004 |
| 650 | 2 | 4 | _aHOUSING (SCOTLAND) ACT 2006 |
| 690 | _aPROPERTY-RURAL AND NATURAL ASSETS-AGRICULTURAL PROPERTY | ||
| 700 | 1 | _aAlcock, Allison | |
| 942 | _n0 | ||
| 999 |
_c76882 _d76882 |
||